Special report on the triangulations of Eaatern and Central Africa including Kenya, Northern Rhodesia, Nyasaland, Tanganyika Territory and Uganda. (Record no. 100717)

MARC details
000 -LEADER
fixed length control field 00531cam a2200157 4500
001 - CONTROL NUMBER
control field J107744
008 - FIXED-LENGTH DATA ELEMENTS--GENERAL INFORMATION
fixed length control field 000000n1928 000 0 eng u
035 ## - SYSTEM CONTROL NUMBER
System control number (Sirsi) u107744
110 ## - MAIN ENTRY--CORPORATE NAME
Corporate name or jurisdiction name as entry element Colonial Survey Committee
9 (RLIN) 3923
245 ## - TITLE STATEMENT
Title Special report on the triangulations of Eaatern and Central Africa including Kenya, Northern Rhodesia, Nyasaland, Tanganyika Territory and Uganda.
260 ## - PUBLICATION, DISTRIBUTION, ETC.
Place of publication, distribution, etc. London
Name of publisher, distributor, etc. HMSO
Date of publication, distribution, etc. 1928
300 ## - PHYSICAL DESCRIPTION
Extent 58p. ; 24cm.
520 ## - SUMMARY, ETC.
Summary, etc. Issued by the Colonial Office
650 ## - SUBJECT ADDED ENTRY--TOPICAL TERM
Topical term or geographic name entry element TRIANGULATION
942 ## - ADDED ENTRY ELEMENTS (KOHA)
Suppress in OPAC 0
Holdings
Withdrawn status Lost status Source of classification or shelving scheme Damaged status Not for loan Home library Current library Shelving location Date acquired Total Checkouts Full call number Barcode Date last seen Copy number Price effective from Koha item type
    Dewey Decimal Classification     London London Basement 11/08/2000   SHELF 306 30009072 06/08/2019 1 06/08/2019 Reference material